<?xml version="1.0" encoding="UTF-8"?>
<record
    xmlns:xsi="http://www.w3.org/2001/XMLSchema-instance"
    xsi:schemaLocation="http://www.loc.gov/MARC21/slim http://www.loc.gov/standards/marcxml/schema/MARC21slim.xsd"
    xmlns="http://www.loc.gov/MARC21/slim">

  <leader>00516nam a22001577a 4500</leader>
  <controlfield tag="003">OSt</controlfield>
  <controlfield tag="005">20151118161956.0</controlfield>
  <controlfield tag="008">151118b        xxu||||| |||| 00| 0 eng d</controlfield>
  <datafield tag="040" ind1=" " ind2=" ">
    <subfield code="c">RUA</subfield>
  </datafield>
  <datafield tag="082" ind1=" " ind2=" ">
    <subfield code="a">FIS &#x17A0;&#x17BD;&#x178F; 1994 B156 Or.1</subfield>
  </datafield>
  <datafield tag="100" ind1=" " ind2=" ">
    <subfield code="9">3894</subfield>
    <subfield code="a">&#x17A0;&#x17BD;&#x178F; &#x179C;&#x17BB;&#x1791;&#x17D2;&#x1792;&#x17B8;</subfield>
  </datafield>
  <datafield tag="245" ind1=" " ind2=" ">
    <subfield code="a">&#x1780;&#x17B6;&#x179A;&#x1780;&#x17C2;&#x1794;&#x17D2;&#x179A;&#x17C2;&#x1780;&#x17C6;&#x179A;&#x17B7;&#x178F;&#x179B;&#x17D2;&#x17A2;&#x1780;&#x17CB;&#x179A;&#x1794;&#x179F;&#x17CB;&#x1791;&#x17B9;&#x1780;&#x179F;&#x17D2;&#x179A;&#x17C7;&#x1793;&#x17C5;&#x179F;&#x17D2;&#x179A;&#x17BB;&#x1780;&#x179F;&#x17D2;&#x179C;&#x17B6;&#x1799;&#x179A;&#x17C0;&#x1784;</subfield>
  </datafield>
  <datafield tag="260" ind1=" " ind2=" ">
    <subfield code="a">Phnom Penh</subfield>
    <subfield code="b">RUA</subfield>
    <subfield code="c">1994</subfield>
  </datafield>
  <datafield tag="300" ind1=" " ind2=" ">
    <subfield code="a">92p.</subfield>
    <subfield code="b">ill.</subfield>
    <subfield code="c">29cm.</subfield>
  </datafield>
  <datafield tag="942" ind1=" " ind2=" ">
    <subfield code="2">ddc</subfield>
    <subfield code="c">FIS</subfield>
  </datafield>
  <datafield tag="999" ind1=" " ind2=" ">
    <subfield code="c">3619</subfield>
    <subfield code="d">3619</subfield>
  </datafield>
  <datafield tag="952" ind1=" " ind2=" ">
    <subfield code="0">0</subfield>
    <subfield code="1">0</subfield>
    <subfield code="2">ddc</subfield>
    <subfield code="4">0</subfield>
    <subfield code="6">FIS_&#x17A0;&#x17BD;&#x178F;_1994_000000000000000_B156_OR_1</subfield>
    <subfield code="7">0</subfield>
    <subfield code="9">17674</subfield>
    <subfield code="a">LBB</subfield>
    <subfield code="b">LBB</subfield>
    <subfield code="c">B156</subfield>
    <subfield code="d">2015-11-18</subfield>
    <subfield code="o">FIS &#x17A0;&#x17BD;&#x178F; 1994 B156 Or.1</subfield>
    <subfield code="p">RUA011722</subfield>
    <subfield code="r">2015-11-18</subfield>
    <subfield code="w">2015-11-18</subfield>
    <subfield code="y">FIS</subfield>
  </datafield>
  <datafield tag="952" ind1=" " ind2=" ">
    <subfield code="0">0</subfield>
    <subfield code="1">0</subfield>
    <subfield code="2">ddc</subfield>
    <subfield code="4">0</subfield>
    <subfield code="6">FIS_&#x17A0;&#x17BD;&#x178F;_1994_000000000000000_B156_OR_2</subfield>
    <subfield code="7">0</subfield>
    <subfield code="9">17675</subfield>
    <subfield code="a">LBB</subfield>
    <subfield code="b">LBB</subfield>
    <subfield code="c">B156</subfield>
    <subfield code="d">2015-11-18</subfield>
    <subfield code="l">1</subfield>
    <subfield code="o">FIS &#x17A0;&#x17BD;&#x178F; 1994 B156 Or.2</subfield>
    <subfield code="p">RUA011835</subfield>
    <subfield code="r">2024-01-15</subfield>
    <subfield code="s">2023-12-20</subfield>
    <subfield code="w">2015-11-18</subfield>
    <subfield code="y">FIS</subfield>
  </datafield>
  <datafield tag="952" ind1=" " ind2=" ">
    <subfield code="0">0</subfield>
    <subfield code="1">0</subfield>
    <subfield code="2">ddc</subfield>
    <subfield code="4">0</subfield>
    <subfield code="6">FIS_&#x17A0;&#x17BD;&#x178F;_1994_000000000000000_B156_OR_3</subfield>
    <subfield code="7">0</subfield>
    <subfield code="9">17676</subfield>
    <subfield code="a">LBB</subfield>
    <subfield code="b">LBB</subfield>
    <subfield code="c">B156</subfield>
    <subfield code="d">2015-11-18</subfield>
    <subfield code="o">FIS &#x17A0;&#x17BD;&#x178F; 1994 B156 Or.3</subfield>
    <subfield code="p">RUA011747</subfield>
    <subfield code="r">2015-11-18</subfield>
    <subfield code="w">2015-11-18</subfield>
    <subfield code="y">FIS</subfield>
  </datafield>
  <datafield tag="952" ind1=" " ind2=" ">
    <subfield code="0">0</subfield>
    <subfield code="1">0</subfield>
    <subfield code="2">ddc</subfield>
    <subfield code="4">0</subfield>
    <subfield code="6">FIS_&#x17A0;&#x17BD;&#x178F;_1994_000000000000000_B156_OR_4</subfield>
    <subfield code="7">0</subfield>
    <subfield code="9">17677</subfield>
    <subfield code="a">LBB</subfield>
    <subfield code="b">LBB</subfield>
    <subfield code="c">B156</subfield>
    <subfield code="d">2015-11-18</subfield>
    <subfield code="o">FIS &#x17A0;&#x17BD;&#x178F; 1994 B156 Or.4</subfield>
    <subfield code="p">RUA011929</subfield>
    <subfield code="r">2015-11-18</subfield>
    <subfield code="w">2015-11-18</subfield>
    <subfield code="y">FIS</subfield>
  </datafield>
  <datafield tag="952" ind1=" " ind2=" ">
    <subfield code="0">0</subfield>
    <subfield code="1">0</subfield>
    <subfield code="2">ddc</subfield>
    <subfield code="4">0</subfield>
    <subfield code="6">FIS_&#x17A0;&#x17BD;&#x178F;_1994_000000000000000_B156_OR_5</subfield>
    <subfield code="7">0</subfield>
    <subfield code="9">17678</subfield>
    <subfield code="a">LBB</subfield>
    <subfield code="b">LBB</subfield>
    <subfield code="c">B156</subfield>
    <subfield code="d">2015-11-18</subfield>
    <subfield code="o">FIS &#x17A0;&#x17BD;&#x178F; 1994 B156 Or.5</subfield>
    <subfield code="p">RUA011023</subfield>
    <subfield code="r">2015-11-18</subfield>
    <subfield code="w">2015-11-18</subfield>
    <subfield code="y">FIS</subfield>
  </datafield>
  <datafield tag="952" ind1=" " ind2=" ">
    <subfield code="0">0</subfield>
    <subfield code="1">0</subfield>
    <subfield code="2">ddc</subfield>
    <subfield code="4">0</subfield>
    <subfield code="6">FIS_&#x17A0;&#x17BD;&#x178F;_1994_000000000000000_B156_OR_6</subfield>
    <subfield code="7">0</subfield>
    <subfield code="9">17679</subfield>
    <subfield code="a">LBB</subfield>
    <subfield code="b">LBB</subfield>
    <subfield code="c">B156</subfield>
    <subfield code="d">2015-11-18</subfield>
    <subfield code="o">FIS &#x17A0;&#x17BD;&#x178F; 1994 B156 Or.6</subfield>
    <subfield code="p">RUA011241</subfield>
    <subfield code="r">2015-11-18</subfield>
    <subfield code="w">2015-11-18</subfield>
    <subfield code="y">FIS</subfield>
  </datafield>
  <datafield tag="952" ind1=" " ind2=" ">
    <subfield code="0">0</subfield>
    <subfield code="1">0</subfield>
    <subfield code="2">ddc</subfield>
    <subfield code="4">0</subfield>
    <subfield code="6">FIS_&#x17A0;&#x17BD;&#x178F;_1994_000000000000000_B156_OR_7</subfield>
    <subfield code="7">0</subfield>
    <subfield code="9">17680</subfield>
    <subfield code="a">LBB</subfield>
    <subfield code="b">LBB</subfield>
    <subfield code="c">B156</subfield>
    <subfield code="d">2015-11-18</subfield>
    <subfield code="o">FIS &#x17A0;&#x17BD;&#x178F; 1994 B156 Or.7</subfield>
    <subfield code="p">RUA011763</subfield>
    <subfield code="r">2015-11-18</subfield>
    <subfield code="w">2015-11-18</subfield>
    <subfield code="y">FIS</subfield>
  </datafield>
  <datafield tag="952" ind1=" " ind2=" ">
    <subfield code="0">0</subfield>
    <subfield code="1">0</subfield>
    <subfield code="2">ddc</subfield>
    <subfield code="4">0</subfield>
    <subfield code="6">FIS_&#x17A0;&#x17BD;&#x178F;_1994_000000000000000_B156_OR_8</subfield>
    <subfield code="7">0</subfield>
    <subfield code="9">17681</subfield>
    <subfield code="a">LBB</subfield>
    <subfield code="b">LBB</subfield>
    <subfield code="c">B156</subfield>
    <subfield code="d">2015-11-18</subfield>
    <subfield code="o">FIS &#x17A0;&#x17BD;&#x178F; 1994 B156 Or.8</subfield>
    <subfield code="p">RUA011211</subfield>
    <subfield code="r">2015-11-18</subfield>
    <subfield code="w">2015-11-18</subfield>
    <subfield code="y">FIS</subfield>
  </datafield>
</record>
